Paesi Asiatici - Digita la prima lettera - Statistics

Statistiche generali
  • Questo quiz è stato fatto 13.875 volte
  • Il punteggio medio è 27 su 48
Risposte nella Mappa
Le risposte nella mappa del quiz sottostante sono codificate secondo una scala di colori dal rosso al verde in base alla % di persone che hanno risposto correttamente.
 
Statistiche sulle risposte
Paesi % Corretto
Cina
58%
Cipro
58%
India
58%
Corea del Nord
57%
Corea del Sud
57%
Indonesia
57%
Israele
57%
Sri Lanka
57%
Turchia
57%
Afghanistan
56%
Arabia Saudita
56%
Bhutan
56%
Filippine
56%
Giappone
56%
Iraq
56%
Laos
56%
Maldive
56%
Mongolia
56%
Oman
56%
Pakistan
56%
Siria
56%
Tagikistan
56%
Taiwan
56%
Thailandia
56%
Vietnam
56%
Yemen
56%
Bangladesh
55%
Cambogia
55%
Emirati Arabi Uniti
55%
Iran
55%
Kazakistan
55%
Kirghizistan
55%
Libano
55%
Malaysia
55%
Nepal
55%
Qatar
55%
Singapore
55%
Armenia
54%
Azerbaigian
54%
Bahrain
54%
Brunei
54%
Georgia
54%
Giordania
54%
Kuwait
54%
Myanmar
54%
Turkmenistan
54%
Uzbekistan
54%
Timor Est
53%
Nessun quiz corrispondente trovato
Distribuzione punteggi
Percentuale di utenti per punteggio
Percentile per numero di risposta
I tuoi punteggi nel tempo
Non hai fatto questo quiz